000 00384pam a2200157a 44500
008 230515b1977 xxu||||| |||| 00| 0 eng d
020 _aNULL
041 _aENGLISH
082 _a630
100 _aUDONATH ALONE
245 _aTRYING TO BE IN TUNE WITH KRISHNAMURTHI
250 _a2
260 _aDELHI
_bVAN NOSTRAND REINHOLD COMPANY LTD
_c1977
300 _a136
650 _aNULL
999 _c651464
_d651464